| 000 | 00719nam a22001815i 4500 | ||
|---|---|---|---|
| 001 | 162658 | ||
| 003 | ES-MaACL | ||
| 005 | 20230906212556.0 | ||
| 008 | 050715s1841 sp |||| | spa d | ||
| 040 |
_aCAM _bspa _cCAM |
||
| 245 | 0 | 0 |
_aProyecto de arreglo de la administración provincial de Guipuzcoa ó se modificación de sus fueros / _cpor la Comisión económica de la misma provincia. |
| 260 |
_aSan Sebastián : _b[s.n.], _c1841 ( _fImprenta de Ignacio Ramón Baroja) |
||
| 300 |
_a49 p. ; _c19 cm. |
||
| 500 | _aDatos tomados de la cub. | ||
| 650 |
_aFueros- _zGuipúzcoa. _9161225 |
||
| 752 |
_aEspaña - _dSan Sebastián |
||
| 852 |
_aES-MaACL _jFol-Laf-245 _z-- Rúst. _z-- Legado de Modesto de La Fuente |
||
| 999 |
_c162658 _d162658 |
||